Pokémon - Les attaques de Lippoutou - Statistiques

Statistiques générales
  • Ce quiz a été pris 19 fois
  • Le résultat moyen est 9 sur 15
Statistiques - réponses
Niveaux Types Noms des attaques % Correct
Niveau 34 Psy Psyko
100%
Niveau 58 Glace Blizzard
92%
Niveau 12 Psy Choc Mental
85%
Départ Fée Doux Baiser
85%
Niveau 40 Normal Grobisou
77%
Départ Normal Écras'Face
69%
Départ Spectre Léchouille
69%
Départ Glace Poudreuse
69%
Niveau 20 Normal Berceuse
62%
Niveau 24 Ténèbres Croco Larme
38%
Niveau 28 Glace Poing Glace
38%
Niveau 46 Normal Regard Noir
38%
Niveau 52 Normal Requiem
31%
Niveau 16 Normal Implore
15%
Départ Normal Photocopie
8%
Aucun quiz correspondant
Distribution des résultats
% des personnes avec chaque résultat
Percentile par nombre de réponses
Votre historique - résultats
Vous n’avez pas pris ce quiz